Normal view
MARC view
- Island plants - Sonoran Desert
Entry Topical Term
001 - CONTROL NUMBER
- control field: 37914
003 - CONTROL NUMBER IDENTIFIER
- control field: OSt
005 - DATE AND TIME OF LATEST TRANSACTION
- control field: 20190328163447.0
008 - FIXED-LENGTH DATA ELEMENTS
- fixed length control field: 190328|| aca||aabn | a|a d
040 ## - CATALOGING SOURCE
- Original cataloging agency: OSt
- Transcribing agency: OSt
150 ## - HEADING--TOPICAL TERM
- Topical term or geographic name entry element: Island plants - Sonoran Desert
670 ## - SOURCE DATA FOUND
- Source citation: Work cat.: (OSt): Felger,Richard Stephen. 37912, Plant life of a desert archipelago :, ©2013.
